| 000 | 00613nam a2200169 a 4500 | ||
|---|---|---|---|
| 001 | 000035977 | ||
| 003 | DO-SdBNP | ||
| 005 | 20250414130118.0 | ||
| 008 | 111121s19uu dr 000 0 spa d | ||
| 040 |
_aDO-SdBNP _bspa _cBNPHU |
||
| 110 | 1 |
_aRepública Dominicana _bSecretaría de Estado de Fomento y Comunicaciones _958958 |
|
| 245 | 1 | 0 | _aCatedral de Santo Domingo. |
| 260 |
_a[Santo Domingo] : _bSecretaría de Estado de Fomento y Comunicaciones, _c[19u?]. |
||
| 300 |
_aUn ejemplar con varias paginaciones. ; _c23 cm. |
||
| 610 | 2 | 0 |
_aCatedral de Santo Domingo (República Dominicana) _987444 |
| 942 |
_2ddc _cLBS1 |
||
| 999 |
_c35468 _d35468 |
||